Countries that Border Iraq - Statistics

General Stats
  • This quiz has been taken 109,124 times
    109,121 since last reset
  • The average score is 6 of 6
Answers on the Map
Answers color-coded by a green-red scale on the quiz's map according to % correct below.
 
Answer Stats
Country % Correct
Iran
100%
Saudi Arabia
95%
Syria
95%
Jordan
92%
Turkey
89%
Kuwait
88%
No matching quizzes found
Score Distribution
Percent of People with Each Score
Percentile by Number Answered
Your Score History
You have not taken this quiz since the last reset